[Event "XX Miedzynarodowy Turniej Szachowy"]
[Site "Kowalewo Pomorskie"]
[Date "2013.07.10"]
[Round "1.1"]
[White "Renkowski, Piotr"]
[Black "Warakomski, Tomasz"]
[Result "0-1"]
[WhiteElo "2004"]
[BlackElo "2498"]
[PlyCount "110"]
[EventDate "2013.??.??"]

1. e4 e5 2. Nf3 Nc6 3. Bc4 Nf6 4. d3 Bc5 5. Nc3 d6 6. Bg5 h6 7. Bxf6 Qxf6 8.
Nd5 Qd8 9. c3 a6 10. h3 Ba7 11. b4 O-O 12. a4 Ne7 13. b5 Nxd5 14. Bxd5 axb5 15.
axb5 c6 16. bxc6 bxc6 17. Bb3 Bxf2+ 18. Kxf2 Rxa1 19. Bxf7+ Rxf7 20. Qxa1 Qh4+
21. Ke2 Qg3 22. Qf1 Ra7 23. Nd2 Ra2 24. Qf3 Qg5 25. Rd1 Be6 26. c4 h5 27. Ke1
h4 28. Qf2 Bf7 29. Rb1 Qh6 30. Rb8+ Kh7 31. Rb1 Bh5 32. Qf5+ Bg6 33. Qf2 Ra3
34. Qe2 Qf4 35. Nf3 Qg3+ 36. Kf1 Bh5 37. Rd1 c5 38. Kg1 Bxf3 39. Qxf3 Qxf3 40.
gxf3 Ra2 41. f4 exf4 42. d4 Ra4 43. e5 dxe5 44. d5 e4 45. d6 Ra8 46. Rd5 Rd8
47. Rxc5 Rxd6 48. Rf5 g5 49. c5 Rd1+ 50. Kf2 Kg6 51. Re5 e3+ 52. Kf3 Rg1 53.
Ke2 Rc1 54. Kf3 Kf6 55. Rd5 Rc2 0-1

[Event "XX Miedzynarodowy Turniej Szachowy"]
[Site "Kowalewo Pomorskie"]
[Date "2013.07.10"]
[Round "1.2"]
[White "Sieciechowicz, Marcin"]
[Black "Bes, Michal"]
[Result "1-0"]
[WhiteElo "2462"]
[BlackElo "2000"]
[PlyCount "103"]
[EventDate "2013.??.??"]

1. d4 Nf6 2. c4 e6 3. Nf3 d5 4. Nc3 Be7 5. Bg5 O-O 6. e3 Nbd7 7. Rc1 c6 8. Qc2
Qa5 9. Nd2 dxc4 10. Bxf6 Nxf6 11. Nxc4 Qg5 12. Ne5 c5 13. Nf3 Qg6 14. Qxg6 hxg6
15. Be2 cxd4 16. Nxd4 Bd7 17. O-O Rac8 18. Bf3 b6 19. Rfd1 a5 20. Ndb5 Bxb5 21.
Nxb5 Rxc1 22. Rxc1 Bc5 23. Nc3 Rd8 24. Na4 Rd2 25. Kf1 Nd7 26. Be2 Kf8 27. Bb5
Ke7 28. Bxd7 Kxd7 29. Nxc5+ bxc5 30. Rxc5 Rxb2 31. Rxa5 Ke7 32. g3 Kf6 33. Ra7
g5 34. h3 Kg6 35. a4 e5 36. g4 Ra2 37. a5 f6 38. a6 Kh7 39. Ra8 Kg6 40. Ke1 Kh7
41. f3 Kg6 42. Kd1 Kh7 43. Kc1 Kg6 44. Kb1 Ra5 45. Kb2 Rb5+ 46. Kc3 e4 47. fxe4
Ra5 48. Kb4 Ra1 49. Kb5 Rb1+ 50. Kc6 Ra1 51. Kb7 Rb1+ 52. Ka7 1-0

[Event "XX Miedzynarodowy Turniej Szachowy"]
[Site "Kowalewo Pomorskie"]
[Date "2013.07.10"]
[Round "1.3"]
[White "Kamieniecki, Tomasz"]
[Black "Banasik, Krzysztof"]
[Result "1-0"]
[WhiteElo "1963"]
[BlackElo "2287"]
[PlyCount "73"]
[EventDate "2013.??.??"]

1. d4 Nf6 2. c4 e6 3. Nc3 Bb4 4. a3 Bxc3+ 5. bxc3 d6 6. e3 O-O 7. Bd3 Nc6 8.
Ne2 b6 9. O-O Na5 10. Ng3 Ba6 11. Qe2 c5 12. d5 Qe8 13. e4 Qa4 14. Bg5 Nd7 15.
Nh5 f6 16. Bh6 g6 17. Bxf8 Rxf8 18. dxe6 Ne5 19. Nf4 Qe8 20. Nd5 Qxe6 21. Nc7
Qc8 22. Nxa6 Qxa6 23. f4 Nxd3 24. Qxd3 Qxc4 25. Qxd6 Qxc3 26. Qe6+ Rf7 27. Rad1
Qb3 28. Rd8+ Kg7 29. Qe8 Kh6 30. Qg8 Nc6 31. Rd5 Qe3+ 32. Kh1 Rg7 33. Qf8 Qe2
34. Rg1 Qxe4 35. Rd7 Ne7 36. Qxf6 Qf5 37. Rd3 1-0

[Event "XX Miedzynarodowy Turniej Szachowy"]
[Site "Kowalewo Pomorskie"]
[Date "2013.07.10"]
[Round "1.4"]
[White "Siembab, Bartosz"]
[Black "Cichocki, Konrad"]
[Result "1/2-1/2"]
[WhiteElo "2258"]
[BlackElo "1958"]
[PlyCount "54"]
[EventDate "2013.??.??"]

1. e4 e5 2. Nf3 Nc6 3. Bb5 a6 4. Ba4 Nf6 5. O-O Nxe4 6. Re1 Nc5 7. Bxc6 dxc6 8.
Nxe5 Be7 9. d4 Ne6 10. Be3 O-O 11. c3 Bg5 12. Qd2 f6 13. Nf3 Bxe3 14. fxe3 Qd6
15. Na3 Bd7 16. c4 Rae8 17. Rad1 Bc8 18. Nc2 Rf7 19. e4 Qf4 20. e5 Qxd2 21.
Rxd2 Nf4 22. Re4 Ng6 23. Re1 Rfe7 24. exf6 Rxe1+ 25. Ncxe1 gxf6 26. Nd3 Kf7 27.
Kf2 b6 1/2-1/2

[Event "XX Miedzynarodowy Turniej Szachowy"]
[Site "Kowalewo Pomorskie"]
[Date "2013.07.10"]
[Round "1.5"]
[White "Zebracki, Tomasz"]
[Black "Kukula, Pawel"]
[Result "1/2-1/2"]
[WhiteElo "1929"]
[BlackElo "2250"]
[PlyCount "87"]
[EventDate "2013.??.??"]

1. e4 c5 2. Nf3 Nc6 3. d4 cxd4 4. Nxd4 Nf6 5. Nc3 e5 6. Ndb5 d6 7. Bg5 a6 8.
Na3 b5 9. Nd5 Be7 10. Bxf6 Bxf6 11. c3 O-O 12. Nc2 Bg5 13. h4 Bh6 14. g4 Bf4
15. Qf3 Be6 16. Nxf4 Qf6 17. g5 Qxf4 18. Qxf4 exf4 19. Nd4 Nxd4 20. cxd4 d5 21.
e5 Bf5 22. Kd2 f6 23. exf6 gxf6 24. gxf6 Kf7 25. Rc1 Rac8 26. Bd3 Kxf6 27. Bxf5
Kxf5 28. f3 Rc4 29. Rxc4 dxc4 30. Re1 Kg6 31. Re5 Rf5 32. Kc3 Rxe5 33. dxe5 Kf5
34. Kd4 Ke6 35. Ke4 a5 36. Kd4 a4 37. h5 a3 38. bxa3 Kf5 39. a4 bxa4 40. Kxc4
Kxe5 41. a3 h6 42. Kc5 Ke6 43. Kb4 Kd5 44. Kc3 1/2-1/2

[Event "XX Miedzynarodowy Turniej Szachowy"]
[Site "Kowalewo Pomorskie"]
[Date "2013.07.10"]
[Round "1.7"]
[White "Smal, Tobiasz"]
[Black "Paprocki, Jaroslaw"]
[Result "0-1"]
[WhiteElo "1893"]
[BlackElo "2218"]
[PlyCount "76"]
[EventDate "2013.??.??"]

1. e4 e5 2. Nf3 Nc6 3. Bb5 Bc5 4. O-O Nf6 5. d3 d6 6. h3 a6 7. Ba4 O-O 8. Nc3
h6 9. Be3 Bxe3 10. fxe3 b5 11. Bb3 Na5 12. Qe1 Nxb3 13. axb3 Bb7 14. Qg3 b4 15.
Nd1 g6 16. Qh4 Kg7 17. g4 Qe7 18. g5 hxg5 19. Qxg5 Rh8 20. Nh4 Bc8 21. Nf5+
Bxf5 22. exf5 Rxh3 23. Qg2 Rah8 24. fxg6 R3h6 25. Rf5 Rxg6 26. Rg5 Rhh6 27. Kf1
Nh5 28. Rxg6+ Rxg6 29. Qh3 Qf6+ 30. Ke1 Ng3 31. Qg2 d5 32. Qf2 Qc6 33. Ra4 Qb5
34. Kd2 c5 35. Kc1 c4 36. dxc4 dxc4 37. c3 cxb3 38. Rxb4 Qd3 0-1

[Event "XX Miedzynarodowy Turniej Szachowy"]
[Site "Kowalewo Pomorskie"]
[Date "2013.07.10"]
[Round "1.8"]
[White "Budrewicz, Krzysztof"]
[Black "Sobczynski, Roman"]
[Result "1-0"]
[WhiteElo "2196"]
[BlackElo "1880"]
[PlyCount "59"]
[EventDate "2013.??.??"]

1. d4 d5 2. c4 e6 3. Nc3 Nf6 4. Nf3 Be7 5. Bf4 O-O 6. e3 b6 7. Rc1 Bb7 8. cxd5
Nxd5 9. Nxd5 Qxd5 10. a3 Rc8 11. Bd3 c5 12. O-O Nd7 13. e4 Qh5 14. Qa4 Nf6 15.
dxc5 Bxc5 16. b4 Qg4 17. Bg3 Bf8 18. Rxc8 Rxc8 19. Qxa7 Bxe4 20. Be2 Nd5 21.
Qb7 Nc3 22. Qxf7+ Kh8 23. Ba6 Ra8 24. Rc1 Bxf3 25. gxf3 Qd4 26. Kg2 Qd2 27. Bb7
Rd8 28. Bf4 Qd4 29. Be3 Qe5 30. f4 1-0

[Event "XX Miedzynarodowy Turniej Szachowy"]
[Site "Kowalewo Pomorskie"]
[Date "2013.07.10"]
[Round "1.9"]
[White "Teclaf, Pawel"]
[Black "Machlowski, Slawomir"]
[Result "1-0"]
[WhiteElo "1863"]
[BlackElo "2159"]
[PlyCount "133"]
[EventDate "2013.??.??"]

1. e4 e6 2. d4 c5 3. Nf3 cxd4 4. Nxd4 Qb6 5. Nb3 Qc7 6. Bd3 Nf6 7. O-O d6 8. f4
Nbd7 9. Be3 b6 10. c4 Bb7 11. Nc3 a6 12. Qe2 Be7 13. Rac1 h5 14. f5 e5 15. Nd5
Qd8 16. Qe1 Ng4 17. Bd2 Bxd5 18. cxd5 Bg5 19. h3 Bxd2 20. Qxd2 Qh4 21. Qe1 Qxe1
22. Rfxe1 Ngf6 23. Rc6 Ke7 24. g3 Rhb8 25. Re2 Ra7 26. a4 Nc5 27. Nxc5 bxc5 28.
a5 Rb4 29. Rxa6 Rxa6 30. Bxa6 Ra4 31. Bd3 Rxa5 32. b3 Ra8 33. Kf2 Nd7 34. Rb2
Rb8 35. Be2 g6 36. fxg6 fxg6 37. Ke3 Rb4 38. Bc4 Nb6 39. Rc2 Nd7 40. Ra2 Rb8
41. Ra7 Kd8 42. Ra6 Kc7 43. Rc6+ Kd8 44. Rxd6 Rb6 45. Rxb6 Nxb6 46. Kf3 Nc8 47.
g4 hxg4+ 48. Kxg4 Nd6 49. Kg5 Nxe4+ 50. Kxg6 Nd6 51. h4 Nxc4 52. h5 e4 53. h6
Ne5+ 54. Kg7 e3 55. h7 e2 56. h8=Q+ Kc7 57. Qh4 Kd6 58. Qe1 Kxd5 59. Qxe2 Nc6
60. Qf3+ Kd6 61. Kf6 Nd4 62. Qc3 Nc6 63. Qc4 Nb4 64. Qe6+ Kc7 65. Ke5 Nd3+ 66.
Ke4 c4 67. Qxc4+ 1-0

[Event "XX Miedzynarodowy Turniej Szachowy"]
[Site "Kowalewo Pomorskie"]
[Date "2013.07.10"]
[Round "1.10"]
[White "Zielinski, Wojciech"]
[Black "Augustowski, Janusz"]
[Result "1-0"]
[WhiteElo "2154"]
[BlackElo "1860"]
[PlyCount "85"]
[EventDate "2013.??.??"]

1. e4 g6 2. d4 Bg7 3. Be3 d6 4. Bd3 Nf6 5. h3 O-O 6. Qd2 Re8 7. Ne2 b6 8. Nbc3
c5 9. O-O Bb7 10. Bb5 Bc6 11. Bxc6 Nxc6 12. f4 cxd4 13. Nxd4 Qd7 14. Rad1 Qb7
15. Qe2 Rac8 16. Kh1 Na5 17. Qf3 a6 18. e5 Qxf3 19. Rxf3 dxe5 20. fxe5 Nd7 21.
e6 fxe6 22. Nxe6 Nf6 23. Bxb6 Nc4 24. Bd4 Nxb2 25. Rb1 Nc4 26. Nxg7 Kxg7 27.
Ne4 Rc6 28. Rb7 Kh6 29. Bxf6 exf6 30. Nxf6 Rh8 31. Ng4+ Kg5 32. Rd7 Rc5 33. Nf6
Kh6 34. Rf4 g5 35. Ng4+ Kh5 36. Rff7 h6 37. Nf6+ Kg6 38. Ne4 Rc6 39. Rg7+ Kf5
40. Ng3+ Ke6 41. Rge7+ Kf6 42. Nh5+ Kg6 43. g4 1-0

[Event "XX Miedzynarodowy Turniej Szachowy"]
[Site "Kowalewo Pomorskie"]
[Date "2013.07.10"]
[Round "1.11"]
[White "Rogalski, Krzysztof"]
[Black "Kowalczyk, Rafal"]
[Result "0-1"]
[WhiteElo "1821"]
[BlackElo "2135"]
[PlyCount "104"]
[EventDate "2013.??.??"]

1. d4 d5 2. c4 dxc4 3. Nf3 Nf6 4. e3 e6 5. Bxc4 a6 6. a4 c5 7. Nc3 Nc6 8. O-O
Be7 9. dxc5 Qc7 10. e4 Bxc5 11. Bg5 Ng4 12. Qd2 Nd4 13. Bf4 Nxf3+ 14. gxf3 Ne5
15. Be2 f6 16. Rac1 Qe7 17. Nd1 O-O 18. Ne3 Rd8 19. Qc2 Bd6 20. Bg3 Bd7 21. Qb3
Kh8 22. Nc4 Nxc4 23. Bxc4 e5 24. Rfd1 Be8 25. Bd5 Rab8 26. Qc4 b5 27. axb5 Bxb5
28. Qc2 g5 29. b3 a5 30. Kg2 Ba3 31. Qc7 Qxc7 32. Rxc7 Rd7 33. Rxd7 Bxd7 34. h4
h6 35. hxg5 hxg5 36. Ra1 Bb4 37. Rc1 Rc8 38. Rxc8+ Bxc8 39. Bc4 Kg7 40. Kf1 Kf8
41. Ke2 Ke7 42. Kd3 Kd6 43. Ke3 Kc5 44. Bd5 Ba6 45. Be6 Ba3 46. Kd2 Kd4 47. Bf7
Bb4+ 48. Kd1 Bb5 49. Be6 Kd3 50. Bd5 Bd2 51. Bc4+ Bxc4 52. bxc4 a4 0-1

[Event "XX Miedzynarodowy Turniej Szachowy"]
[Site "Kowalewo Pomorskie"]
[Date "2013.07.10"]
[Round "1.12"]
[White "Szopieraj, Dariusz"]
[Black "Sliwicka, Alicja"]
[Result "1/2-1/2"]
[WhiteElo "2069"]
[BlackElo "1817"]
[PlyCount "23"]
[EventDate "2013.??.??"]

1. d4 d5 2. c4 e6 3. Nf3 c5 4. cxd5 exd5 5. g3 Nc6 6. Bg2 Nf6 7. O-O Be7 8. Nc3
O-O 9. Bg5 h6 10. Be3 c4 11. Ne5 Bf5 12. Rc1 1/2-1/2

[Event "XX Miedzynarodowy Turniej Szachowy"]
[Site "Kowalewo Pomorskie"]
[Date "2013.07.10"]
[Round "1.13"]
[White "Balkiewicz, Henryk"]
[Black "Rozycki, Bartlomiej"]
[Result "0-1"]
[WhiteElo "1808"]
[BlackElo "2064"]
[PlyCount "68"]
[EventDate "2013.??.??"]

1. Nf3 d5 2. d4 e6 3. g3 Nf6 4. Bg2 c5 5. O-O Nc6 6. c4 dxc4 7. Qa4 Bd7 8. Qxc4
b5 9. Qd3 Rc8 10. Nc3 c4 11. Qb1 b4 12. Ne4 Nd5 13. Bg5 Qb6 14. e3 f6 15. Bf4
g5 16. Bd6 Nxd4 17. Bxf8 Nxf3+ 18. Bxf3 Kxf8 19. Rd1 Ke7 20. Nd6 Qxd6 21. e4 c3
22. Qc2 b3 23. Qe2 c2 24. exd5 cxd1=Q+ 25. Rxd1 bxa2 26. dxe6 Bxe6 27. Rxd6
a1=Q+ 28. Kg2 Kxd6 29. Qd2+ Ke7 30. Qb4+ Kf7 31. Bh5+ Kg8 32. Qe7 Bd5+ 33. Kh3
Qf1+ 34. Kg4 Qd1+ 0-1

[Event "XX Miedzynarodowy Turniej Szachowy"]
[Site "Kowalewo Pomorskie"]
[Date "2013.07.10"]
[Round "1.14"]
[White "Krainski, Slawomir"]
[Black "Pawlowski, Pawel"]
[Result "1/2-1/2"]
[WhiteElo "2035"]
[BlackElo "1804"]
[PlyCount "79"]
[EventDate "2013.??.??"]

1. d4 Nf6 2. Bf4 d5 3. e3 e6 4. Nd2 c5 5. c3 Nc6 6. Ngf3 a6 7. a4 h6 8. Bd3 Nh5
9. Be5 c4 10. Bc2 Nxe5 11. dxe5 g6 12. O-O Ng7 13. e4 Be7 14. Nd4 Qc7 15. f4
dxe4 16. Bxe4 Nf5 17. Bxf5 gxf5 18. Qe2 Bd7 19. Qxc4 Qb6 20. Qb3 Qa7 21. Nc4 b5
22. axb5 Bxb5 23. Qxb5+ axb5 24. Rxa7 Rxa7 25. Nxb5 Bc5+ 26. Kh1 Ra2 27. b4 Be7
28. Nbd6+ Bxd6 29. Nxd6+ Ke7 30. h3 Rg8 31. Rg1 f6 32. b5 fxe5 33. fxe5 Rg3 34.
c4 Re3 35. Rb1 Ree2 36. b6 Rxg2 37. b7 Rh2+ 38. Kg1 Rhg2+ 39. Kh1 Rh2+ 40. Kg1
1/2-1/2

[Event "XX Miedzynarodowy Turniej Szachowy"]
[Site "Kowalewo Pomorskie"]
[Date "2013.07.10"]
[Round "1.15"]
[White "Wisniewski, Szymon"]
[Black "Sliwicki, Damian"]
[Result "1-0"]
[WhiteElo "1791"]
[BlackElo "2027"]
[PlyCount "135"]
[EventDate "2013.??.??"]

1. a3 g6 2. e4 Bg7 3. Nc3 c5 4. f4 Nc6 5. Nf3 e6 6. e5 f6 7. Bb5 Nd4 8. exf6
Nxf6 9. Nxd4 cxd4 10. Ne2 O-O 11. O-O d6 12. Bd3 e5 13. Ng3 Bd7 14. fxe5 dxe5
15. Qe2 Qe7 16. b3 Kh8 17. a4 Ng4 18. Ba3 Qh4 19. Rxf8+ Rxf8 20. Bxf8 Qxh2+ 21.
Kf1 Qxg3 22. Bxg7+ Kxg7 23. Be4 Bf5 24. Bxf5 gxf5 25. Qe1 Nh2+ 26. Ke2 Qxg2+
27. Kd3 Nf3 28. Qd1 e4+ 29. Kc4 Qg6 30. a5 Qd6 31. Kb5 Ne5 32. Qh5 Qc6+ 33. Kb4
Qd6+ 34. Ka4 Qd7+ 35. Ka3 d3 36. Qg5+ Ng6 37. cxd3 Qd6+ 38. Ka2 Qxd3 39. Rg1
Qc2+ 40. Ka3 Qc5+ 41. b4 Qe5 42. Rh1 Qd5 43. Qh6+ Kf6 44. Qe3 Ne5 45. Qh6+ Ng6
46. Qe3 f4 47. Qxa7 Ne5 48. Qb6+ Kf5 49. Qc5 Nc4+ 50. Ka4 Qxc5 51. bxc5 f3 52.
Kb4 Nxd2 53. c6 bxc6 54. a6 f2 55. a7 f1=Q 56. Rxf1+ Nxf1 57. a8=Q h5 58. Qf8+
Kg4 59. Qxf1 h4 60. Qg2+ Kf4 61. Qh3 Kg5 62. Kc5 e3 63. Qxe3+ Kg4 64. Qg1+ Kh3
65. Qh1+ Kg3 66. Kxc6 h3 67. Kd5 Kh4 68. Qh2 1-0

[Event "XX Miedzynarodowy Turniej Szachowy"]
[Site "Kowalewo Pomorskie"]
[Date "2013.07.10"]
[Round "1.16"]
[White "Kaczmarek, Arkadiusz"]
[Black "Kindler, Przemyslaw"]
[Result "1-0"]
[WhiteElo "2027"]
[BlackElo "1768"]
[PlyCount "107"]
[EventDate "2013.??.??"]

1. d4 d5 2. c4 c6 3. Nc3 Nf6 4. Nf3 Bf5 5. cxd5 Nxd5 6. Nd2 Nxc3 7. bxc3 g6 8.
e4 Be6 9. Be2 Bg7 10. O-O O-O 11. f4 Bxd4+ 12. Kh1 Bxc3 13. Rb1 Bxa2 14. Rxb7
Qc8 15. Rxb8 Rxb8 16. Qc2 Bxd2 17. Qxd2 Bb3 18. f5 Qd8 19. Qc3 f6 20. Bh6 Rf7
21. Qg3 Rg7 22. Rb1 Rb4 23. Rxb3 Qd4 24. h3 Kh8 25. Rxb4 Qxb4 26. Bxg7+ Kxg7
27. Qd3 a5 28. Qc4 Qd2 29. Bf3 Qd6 30. Qa4 Qc5 31. e5 Qxe5 32. fxg6 hxg6 33.
Bxc6 Qe1+ 34. Kh2 Qe5+ 35. g3 Qb2+ 36. Bg2 Qb4 37. Qxb4 axb4 38. g4 g5 39. Bd5
Kg6 40. Be6 Kg7 41. Kg3 Kf8 42. Kf3 Ke8 43. Ke4 Kd8 44. Kd4 Kc7 45. Kc5 b3 46.
Bxb3 Kd7 47. Kd5 e6+ 48. Kc5 f5 49. Bc2 Ke7 50. Kc6 Kf6 51. Kd6 Kf7 52. Bb3 Kf6
53. Bxe6 fxg4 54. hxg4 1-0

[Event "XX Miedzynarodowy Turniej Szachowy"]
[Site "Kowalewo Pomorskie"]
[Date "2013.07.10"]
[Round "1.17"]
[White "Karpus, Michal"]
[Black "Tarczykowski, Janusz"]
[Result "1/2-1/2"]
[WhiteElo "1764"]
[BlackElo "2026"]
[PlyCount "41"]
[EventDate "2013.??.??"]

1. e4 c5 2. c3 g6 3. d4 cxd4 4. cxd4 d5 5. exd5 Nf6 6. Nc3 Nxd5 7. Nf3 Bg7 8.
Bc4 Nb6 9. Bb3 O-O 10. O-O Nc6 11. Be3 Na5 12. Bc2 Nac4 13. b3 Nxe3 14. fxe3
Bg4 15. Be4 e5 16. dxe5 Bxf3 17. Qxf3 Bxe5 18. Rac1 Rb8 19. Nd5 Nxd5 20. Bxd5
Qe7 21. Rcd1 1/2-1/2

[Event "XX Miedzynarodowy Turniej Szachowy"]
[Site "Kowalewo Pomorskie"]
[Date "2013.07.10"]
[Round "1.18"]
[White "Rak, Tomasz"]
[Black "Wacior, Maciej"]
[Result "1/2-1/2"]
[WhiteElo "2023"]
[BlackElo "1758"]
[PlyCount "70"]
[EventDate "2013.??.??"]

1. Nf3 Nf6 2. d4 d5 3. c4 c6 4. Nc3 e6 5. e3 Be7 6. Bd3 Nbd7 7. Qe2 O-O 8. O-O
Nb6 9. b3 dxc4 10. bxc4 c5 11. a4 cxd4 12. exd4 Bb4 13. Ne4 Nxe4 14. Qxe4 f5
15. Qe2 a5 16. Bb2 Qe8 17. Bc2 Bd7 18. Ne5 Bxa4 19. Rfb1 Bxc2 20. Qxc2 Rc8 21.
Qb3 Nd7 22. Nd3 Qe7 23. c5 b6 24. Nxb4 axb4 25. Re1 bxc5 26. Rxe6 Qf7 27. d5 c4
28. Qxb4 Nc5 29. Rd6 Nd3 30. Qc3 Nxb2 31. Qxb2 Rfd8 32. Qe5 Rxd6 33. Qxd6 c3
34. h3 c2 35. Rc1 h6 1/2-1/2

[Event "XX Miedzynarodowy Turniej Szachowy"]
[Site "Kowalewo Pomorskie"]
[Date "2013.07.10"]
[Round "1.19"]
[White "Chylewski, Patryk"]
[Black "Zurkowski, Andrzej"]
[Result "0-1"]
[WhiteElo "1740"]
[BlackElo "2020"]
[PlyCount "96"]
[EventDate "2013.??.??"]

1. d4 c5 2. d5 e5 3. e4 d6 4. c4 Be7 5. Nc3 Bg5 6. Bd3 Bxc1 7. Rxc1 Nf6 8. Nge2
O-O 9. O-O g6 10. f4 exf4 11. Nxf4 Nbd7 12. Qd2 Ne5 13. Rce1 Ne8 14. Nd1 Ng7
15. Ne3 Bd7 16. a3 Qg5 17. Qc2 Rae8 18. b3 f5 19. exf5 Nxd3 20. Qxd3 Nxf5 21.
Nxf5 Bxf5 22. Qd2 Be4 23. Re2 Re5 24. Ne6 Rxf1+ 25. Kxf1 Rf5+ 26. Kg1 Qf6 27.
Re1 Qh4 28. Qe3 Re5 29. Qf2 Qxf2+ 30. Kxf2 b6 31. Re2 h6 32. Nd8 Rf5+ 33. Ke3
Bb1 34. Nb7 Rf6 35. Rf2 Rxf2 36. Kxf2 Ba2 37. Nxd6 Bxb3 38. Ke3 Kf8 39. Ke4 Ke7
40. Ke5 Kd7 41. Nb5 a6 42. Nd6 h5 43. h3 h4 44. Ne4 Bxc4 45. d6 Bf1 46. Nf6+
Kd8 47. Kf4 Bxg2 48. Kg4 c4 0-1

[Event "XX Miedzynarodowy Turniej Szachowy"]
[Site "Kowalewo Pomorskie"]
[Date "2013.07.10"]
[Round "1.6"]
[White "Jaroch, Karol"]
[Black "Zielinski, Olgierd"]
[Result "1-0"]
[WhiteElo "2241"]
[BlackElo "1900"]
[PlyCount "143"]
[EventDate "2013.??.??"]

1. e4 c5 2. Nf3 e6 3. Nc3 a6 4. Be2 b5 5. O-O Bb7 6. d3 Qc7 7. Bg5 Be7 8. Qd2
d6 9. a4 b4 10. Nd1 a5 11. c3 Nf6 12. Ne3 Nbd7 13. Rfc1 Qd8 14. Nf1 bxc3 15.
bxc3 c4 16. Bxf6 Bxf6 17. d4 Bxe4 18. Bxc4 Bxf3 19. gxf3 d5 20. Bb5 O-O 21. f4
Nb6 22. Ng3 g6 23. Kh1 Qc7 24. Rg1 Kh8 25. f5 exf5 26. Nxf5 Rac8 27. Rg3 Bg7
28. Rag1 Rg8 29. Nxg7 Rxg7 30. Qg5 Qd6 31. Re1 f6 32. Qg4 f5 33. Qg5 f4 34. Rf3
Rf7 35. Re5 Rcf8 36. Rh3 Kg8 37. Be8 Rg7 38. Qg4 Rf5 39. Rxf5 gxf5 40. Qxf5 Qe7
41. Qe5 Qxe5 42. dxe5 Re7 43. Bb5 Rxe5 44. Rh6 Nc4 45. Rf6 Nd2 46. Rxf4 Ne4 47.
c4 dxc4 48. Bxc4+ Kg7 49. h3 Nf6 50. Bd3 Rd5 51. Bc4 Rc5 52. Kg2 Kg6 53. Bd3+
Kg5 54. Rc4 Rd5 55. h4+ Kh6 56. Be2 Re5 57. Bf3 Kg6 58. Kg3 Kf5 59. Bb7 h5 60.
Bc8+ Kg6 61. f3 Rd5 62. Kf4 Rd1 63. Bf5+ Kf7 64. Rc7+ Kf8 65. Ke5 Ne8 66. Ra7
Rh1 67. Rxa5 Rxh4 68. Ra8 Ke7 69. Ra7+ Kf8 70. Bg6 Rh1 71. Ra8 Re1+ 72. Kf4 1-0

[Event "XX Miedzynarodowy Turniej Szachowy"]
[Site "Kowalewo Pomorskie"]
[Date "2013.07.11"]
[Round "2.1"]
[White "Warakomski, Tomasz"]
[Black "Kaczmarek, Arkadiusz"]
[Result "1-0"]
[WhiteElo "2498"]
[BlackElo "2027"]
[PlyCount "89"]
[EventDate "2013.??.??"]

1. e4 e6 2. d4 d5 3. Nd2 Nf6 4. e5 Nfd7 5. c3 c5 6. Bd3 Nc6 7. Ne2 cxd4 8. cxd4
f6 9. exf6 Nxf6 10. Nf3 Bd6 11. O-O Qc7 12. Bg5 O-O 13. Bh4 Nh5 14. Qc2 h6 15.
Bh7+ Kh8 16. Bg6 Rxf3 17. Bxh5 Bxh2+ 18. Kh1 Rf5 19. Bg6 Bd6 20. Bxf5 exf5 21.
Rae1 Qf7 22. Bg3 Bb4 23. Rd1 Bd7 24. Be5 Rc8 25. Qd3 a6 26. Qf3 Re8 27. Nf4 Be6
28. a3 Ba5 29. b4 Bb6 30. Rfe1 Kh7 31. Kg1 g5 32. Nxe6 Qxe6 33. Qd3 Re7 34. Re3
Qg6 35. Rde1 Rd7 36. b5 axb5 37. Qxb5 Ba5 38. Rb1 Qf7 39. Qa4 Bd8 40. Rb5 b6
41. Rxb6 Bxb6 42. Qxc6 Ba7 43. Rh3 h5 44. Rxh5+ Qxh5 45. Qxd7+ 1-0

[Event "XX Miedzynarodowy Turniej Szachowy"]
[Site "Kowalewo Pomorskie"]
[Date "2013.07.11"]
[Round "2.2"]
[White "Kowalczyk, Rafal"]
[Black "Sieciechowicz, Marcin"]
[Result "1/2-1/2"]
[WhiteElo "2135"]
[BlackElo "2462"]
[PlyCount "105"]
[EventDate "2013.??.??"]

1. e4 e6 2. d4 d5 3. e5 c5 4. c3 Qb6 5. Nf3 Nc6 6. a3 c4 7. Nbd2 Na5 8. g3 Bd7
9. h4 f5 10. Bg2 Nh6 11. Ng5 O-O-O 12. Qe2 Be7 13. Nf1 Nb3 14. Rb1 Nxc1 15.
Rxc1 Rdf8 16. f4 Ng4 17. Nf3 Be8 18. N3h2 Nxh2 19. Nxh2 g6 20. Nf3 h6 21. Kf2
Kb8 22. Qd2 Qd8 23. Rh3 Rhg8 24. Rch1 Rg7 25. Bf1 Rfg8 26. Be2 Bc6 27. Rg1 g5
28. hxg5 hxg5 29. fxg5 Bxg5 30. Nxg5 Rxg5 31. Rh6 Qe7 32. Qf4 a6 33. Qh4 Qc7
34. Qf4 Bd7 35. Rh8 Rxh8 36. Qxg5 Qb6 37. Qd2 Ba4 38. Bf3 Qb3 39. Rh1 Rxh1 40.
Bxh1 Qa2 41. Qc1 Be8 42. Bf3 Qb3 43. Be2 Ka7 44. Qd2 Qb5 45. Kg2 Qb6 46. Kh3
Ba4 47. Bh5 Bd7 48. Kh4 a5 49. Bf7 Ka6 50. Kg5 Kb5 51. Qd1 Kc6 52. Qd2 Kb5 53.
Qd1 1/2-1/2

[Event "XX Miedzynarodowy Turniej Szachowy"]
[Site "Kowalewo Pomorskie"]
[Date "2013.07.11"]
[Round "2.3"]
[White "Rozycki, Bartlomiej"]
[Black "Jaroch, Karol"]
[Result "0-1"]
[WhiteElo "2064"]
[BlackElo "2241"]
[PlyCount "80"]
[EventDate "2013.??.??"]

1. e4 e6 2. d4 d5 3. Nd2 c5 4. Ngf3 Nc6 5. exd5 exd5 6. Bb5 a6 7. Bxc6+ bxc6 8.
O-O Bd6 9. dxc5 Bxc5 10. Nb3 Bd6 11. Be3 Ne7 12. h3 O-O 13. Bc5 Ng6 14. Qd4 Nf4
15. Qb4 Rb8 16. Qa3 Bxc5 17. Nxc5 Qd6 18. Nd4 a5 19. Rfe1 Rb4 20. Nd3 Nxg2 21.
Nxb4 Nxe1 22. Nbxc6 Qg6+ 23. Qg3 Nf3+ 24. Nxf3 Qxc6 25. c3 Re8 26. Nd4 Qb6 27.
b3 Qh6 28. Kh2 Qd2 29. a4 g6 30. Qf3 Re4 31. Rd1 Qh6 32. Rg1 Bxh3 33. Qxh3 Rh4
34. Rg3 Rxh3+ 35. Rxh3 Qf4+ 36. Kg2 h5 37. Nc6 Qe4+ 38. Kh2 Qc2 39. Nxa5 Qxf2+
40. Kh1 d4 0-1

[Event "XX Miedzynarodowy Turniej Szachowy"]
[Site "Kowalewo Pomorskie"]
[Date "2013.07.11"]
[Round "2.4"]
[White "Paprocki, Jaroslaw"]
[Black "Kamieniecki, Tomasz"]
[Result "1-0"]
[WhiteElo "2218"]
[BlackElo "1963"]
[PlyCount "75"]
[EventDate "2013.??.??"]

1. d4 Nf6 2. g3 g6 3. Bg2 Bg7 4. e4 d6 5. Ne2 O-O 6. O-O e5 7. Nbc3 Nbd7 8. h3
c6 9. Be3 Qc7 10. f4 b5 11. fxe5 dxe5 12. d5 b4 13. dxc6 Qxc6 14. Nd5 Nxd5 15.
exd5 Qd6 16. c4 Bb7 17. Rc1 Rfc8 18. b3 f5 19. Qd2 Rc7 20. Kh1 Rb8 21. Ng1 Nc5
22. Ne2 Bc8 23. Rcd1 a5 24. Nc1 e4 25. Ne2 Nd3 26. Nf4 Bc3 27. Qc2 Nc5 28. Qf2
Bd7 29. Bxc5 Rxc5 30. Ne6 Bxe6 31. dxe6 Qe5 32. Rd7 Qxe6 33. Rfd1 Rbc8 34. Rd8+
Kg7 35. R1d7+ Kh6 36. Qe3+ f4 37. Qxf4+ g5 38. Qf8+ 1-0

[Event "XX Miedzynarodowy Turniej Szachowy"]
[Site "Kowalewo Pomorskie"]
[Date "2013.07.11"]
[Round "2.5"]
[White "Zurkowski, Andrzej"]
[Black "Budrewicz, Krzysztof"]
[Result "0-1"]
[WhiteElo "2020"]
[BlackElo "2196"]
[PlyCount "58"]
[EventDate "2013.??.??"]

1. d4 d6 2. c4 e5 3. Nc3 Nc6 4. d5 Nce7 5. e4 g6 6. Be3 Bg7 7. Bd3 f5 8. exf5
Nxf5 9. Qd2 Nxe3 10. Qxe3 Nh6 11. Nge2 O-O 12. O-O Ng4 13. Qd2 Qh4 14. h3 Nf6
15. f4 Nh5 16. fxe5 Rxf1+ 17. Rxf1 Bxe5 18. Qe1 Qg5 19. Qc1 Qh4 20. Qe1 Qe7 21.
b3 Bxh3 22. gxh3 Qg5+ 23. Kh1 Qe3 24. Kg2 Qxd3 25. Rf3 Qc2 26. Qc1 Qxc1 27.
Nxc1 Nf4+ 28. Kf2 Rf8 29. Kg1 Ne2+ 0-1

[Event "XX Miedzynarodowy Turniej Szachowy"]
[Site "Kowalewo Pomorskie"]
[Date "2013.07.11"]
[Round "2.6"]
[White "Teclaf, Pawel"]
[Black "Zielinski, Wojciech"]
[Result "1/2-1/2"]
[WhiteElo "1863"]
[BlackElo "2154"]
[PlyCount "78"]
[EventDate "2013.??.??"]

1. e4 b6 2. d4 Bb7 3. Bd3 e6 4. Be3 Nf6 5. Nd2 c5 6. Ngf3 d5 7. e5 Nfd7 8. c3
Be7 9. O-O Nc6 10. Qe2 Qc7 11. Ba6 O-O-O 12. Bxb7+ Kxb7 13. Rfc1 Rdg8 14. a4 f5
15. Bg5 Qd8 16. Bxe7 Qxe7 17. dxc5 Qxc5 18. b4 Qe7 19. a5 Ra8 20. c4 Nxb4 21.
cxd5 exd5 22. a6+ Kb8 23. Nd4 Rc8 24. Qb5 Nxe5 25. Nxf5 Qf8 26. Rxc8+ Kxc8 27.
Re1 Nec6 28. Ne7+ Kc7 29. Nxc6 Nxc6 30. Rc1 Qd6 31. Nb3 Kd7 32. Nd4 Rc8 33. g3
g5 34. h3 h6 35. Kg2 Rc7 36. Kg1 Rc8 37. Kg2 h5 38. Kg1 h4 39. g4 Rc7 1/2-1/2